Culture Générale - L'un ou l'autre #1 - Statistiques

Statistiques générales
  • Ce quiz a été pris 86 fois
  • Le résultat moyen est 6 sur 10
Statistiques - réponses
Question Réponse % Correct
Quel est l'élément dans le tableau de Mendeleïev, dont le symbole chimique est K ? L'autre
80%
En pétanque, quel prénom utilise-ton dans une célèbre expression, pour désigner une défaite 13-0 ? Fanny
78%
Au poker, comment s'appelle la main dans laquelle vous avez 3 cartes similaires ? L'autre
71%
Quel est l'animal le plus mortel au monde ? L'autre
66%
Qui a composé l'opéra "Carmen" ? L'autre
63%
Quels sont les deux pays ayant la plus grande frontière internationale commune ? Etats-Unis / Canada
56%
Dans quel pays se trouve le plus grand stade du monde ? (En terme de capacité) L'autre
56%
De quel pays est originaire la joueuse de tennis Aryna Sabalenka ? L'autre
51%
Quelle ville d'Ile de France est surnommée le 21e arrondissement de Paris ? Montreuil
49%
Quelle est la capitale de l'Indonésie ? L'autre
28%
Aucun quiz correspondant
Distribution des résultats
% des personnes avec chaque résultat
Percentile par nombre de réponses
Votre historique - résultats
Vous n’avez pas pris ce quiz